000 00494nam a2200181Ia 4500
005 20250326143142.0
008 250326s9999 xx 000 0 und d
037 _aTextbook
040 _aFMSL
_beng
_cFMSL
041 _aeng
_2eng
084 _aX4:8 M1
_qFMSL
100 _aBAYLISS
_9747227
245 0 _aPlanning and control in the transport sector
_cBAYLISS
260 _aEngland
_bEngland, Gower
_c1981
300 _a202p
942 _cTB
_hX4:8 M1
999 _c1298336
_d1298336